[Event "Ramat Gan Shavuot op"]
[Site "Ramat Gan"]
[Date "2023.05.25"]
[Round "6"]
[White "Azoulay, Yehonatan"]
[Black "Lebedinsky, Eduard"]
[Result "0-1"]
[WhiteElo "1813"]
[BlackElo "2122"]
[PlyCount "136"]
[EventDate "2023.05.25"]
[EventType "swiss (rapid)"]
[EventRounds "6"]
[EventCountry "ISR"]
[SourceTitle "CBM 214 Extra"]
[Source "ChessBase"]
[SourceDate "2023.07.31"]
[SourceVersion "1"]
[SourceVersionDate "2023.07.31"]
[SourceQuality "1"]

1. e4 e5 2. Nf3 Nc6 3. Nc3 Nf6 4. d4 exd4 5. Nxd4 Bb4 6. Nxc6 bxc6 7. Bd3 d5 8. Bd2 Bxc3 9. Bxc3 dxe4 10. Bxf6 Qxf6 11. Bxe4 0-0 12. 0-0 Qxb2 13. Bxc6 Rb8 14. Rb1 Qxb1 15. Qxb1 Rxb1 16. Rxb1 Ba6 17. Rb3 Rd8 18. h3 Bc4 19. Rc3 Bxa2 20. Ra3 Bb1 21. Be4 Rd1+ 22. Kh2 g6 23. Rxa7 c5 24. Rc7 Rd2 25. Rxc5 Rxf2 26. Kg3 Rd2 27. Bd3 Ba2 28. Rc8+ Kg7 29. Rc7 Bd5 30. Bf1 Rd1 31. Be2 Rd2 32. Bf3 Bxf3 33. Kxf3 h5 34. c4 Kf6 35. c5 Rc2 36. c6 Ke6 37. Rc8 Rc3+ 38. Kf4 f6 39. Re8+ Kd6 40. Rd8+ Kc7 41. Rg8 Rc4+ 42. Kf3 g5 43. Rg6 Rf4+ 44. Ke3 h4 45. Rg8 Kxc6 46. Rd8 Kc7 47. Rd1 Ra4 48. Kf3 Kc6 49. Rd8 Rf4+ 50. Ke3 Rf5 51. Ke4 Rf2 52. Rd3 f5+ 53. Ke5 f4 54. Rd6+ Kc5 55. Rd5+ Kc4 56. Rd1 Rxg2 57. Kf5 Kc3 58. Ke4 Kc2 59. Rd8 Rg3 60. Rd5 Kc3 61. Rc5+ Kd2 62. Ra5 Ke2 63. Ra2+ Kf1 64. Kf5 f3 65. Ke4 f2 66. Rb2 Kg1 67. Rxf2 Kxf2 68. Ke5 Rxh3 0-1

[Event "Ramat Gan Shavuot op"]
[Site "Ramat Gan"]
[Date "2023.05.25"]
[Round "5"]
[White "Lebedinsky, Eduard"]
[Black "Andreev, Dmitri"]
[Result "0-1"]
[WhiteElo "2122"]
[BlackElo "2166"]
[PlyCount "144"]
[EventDate "2023.05.25"]
[EventType "swiss (rapid)"]
[EventRounds "6"]
[EventCountry "ISR"]
[SourceTitle "CBM 214 Extra"]
[Source "ChessBase"]
[SourceDate "2023.07.31"]
[SourceVersion "1"]
[SourceVersionDate "2023.07.31"]
[SourceQuality "1"]

1. d4 Nf6 2. c4 c5 3. d5 b5 4. cxb5 a6 5. bxa6 g6 6. Nc3 Bg7 7. e4 0-0 8. e5 Ne8 9. Nf3 d6 10. Bf4 Bg4 11. exd6 Nxd6 12. Be2 Nxa6 13. 0-0 Bxf3 14. Bxf3 Rb8 15. Qe2 Qb6 16. Nd1 Rb7 17. Rc1 Qa5 18. a3 Nf5 19. d6 Nd4 20. Qe4 Rd7 21. dxe7 Re8 22. Qd3 Rdxe7 23. b4 cxb4 24. Bd6 Rd7 25. Bxb4 Nxb4 26. axb4 Qxb4 27. Qc4 Qd2 28. Ne3 Nxf3+ 29. gxf3 Qb2 30. Rcd1 Rxd1 31. Rxd1 Qf6 32. Kg2 h5 33. f4 Bh6 34. Rd4 Kg7 35. Nd5 Qf5 36. f3 h4 37. h3 Re1 38. Re4 Rxe4 39. Qxe4 Qxe4 40. fxe4 f5 41. e5 Kf7 42. Kf3 Bf8 43. Ke3 Ke6 44. Nf6 Be7 45. Nh7 Kd5 46. Nf6+ Bxf6 47. exf6 Ke6 48. Kd4 Kxf6 49. Kd5 Kf7 50. Ke5 Ke7 51. Kd5 Kf6 52. Kd4 Ke6 53. Kc5 Kf6 54. Kd5 Ke7 55. Ke5 Kf7 56. Kd5 Kf6 57. Kd6 g5 58. fxg5+ Kxg5 59. Ke5 Kg6 60. Kf4 Kf6 61. Kf3 Ke5 62. Ke3 f4+ 63. Kf3 Kf5 64. Kf2 Ke4 65. Ke2 f3+ 66. Kf2 Kf4 67. Kf1 Kg3 68. Kg1 Kxh3 69. Kf2 Kg4 70. Kf1 Kg3 71. Kg1 f2+ 72. Kf1 h3 0-1